Краткий мониторинг отечественных правовых нормативно-методических документов и публикаций за 1993-2003 гг. и разработка определения термина экологическая безопасность; Экология и промышленность России; № 7

Dettagli Bibliografici
Parent link:Экология и промышленность России: ежемесячный общественный научно-технический журнал.— , 2001-
№ 7.— 2004.— С. 40-45
Autore principale: Плущевский М. Б.
Altri autori: Андреенко Т. И.
Lingua:russo
Pubblicazione: 2004
Serie:Законодательная практика
Soggetti:
Natura: Capitolo di libro
KOHA link:https://koha.lib.tpu.ru/cgi-bin/koha/opac-detail.pl?biblionumber=393926

MARC

LEADER 00000naa2a2200000 4500
001 393926
005 20231101064440.0
035 |a (RuTPU)RU\TPU\prd\30305 
090 |a 393926 
100 |a 20041124a2004 k y0rusy50 ca 
101 0 |a rus 
102 |a RU 
200 1 |a Краткий мониторинг отечественных правовых нормативно-методических документов и публикаций за 1993-2003 гг. и разработка определения термина экологическая безопасность  |f М. Б. Плущевский, Т. И. Андреенко 
225 1 |a Законодательная практика 
320 |a Библиогр.: 2 назв. 
461 1 |0 (RuTPU)RU\TPU\prd\1141  |t Экология и промышленность России  |o ежемесячный общественный научно-технический журнал  |d 2001- 
463 1 |0 (RuTPU)RU\TPU\prd\27094  |t № 7  |v С. 40-45  |d 2004 
610 1 |a мониторинг 
610 1 |a нормативные документы 
610 1 |a терминология 
610 1 |a экологическая безопасность 
700 1 |a Плущевский  |b М. Б. 
701 1 |a Андреенко  |b Т. И. 
801 1 |a RU  |b 63413507  |c 20041124  |g PSBO 
942 |c BK